000 00457nam a2200181Ia 4500
001 9855
005 20260306161749.0
008 260306t2022||||xx |||||||||||||| ||spa||
041 _aESP
082 _a498.5
_bP23
100 _aPanizo, Agustín,
_eAUT
245 0 _aContra el silencio :
_blenguas originarias y justicia linguística
260 _c2022
300 _a179 páginas :
_c21 cm.
650 _aGEN
654 _aCHU
942 _cLIB
_dJUS
_fJUS
_2ddc
_n
999 _c9855
_d9855